Odolné povrchy vytvárané depozíciou z pár (PVD) : Diplomová práca

Guardado en:
Detalles Bibliográficos
Autor principal: Šugár, Miroslav (Autor)
Otros Autores: Ožvold, Milan (xxx)
Formato: Manuscrito Libro
Lenguaje:eslovaco
Publicado: Trnava : STU v Bratislave MtF KMI, 2007
Materias:
Etiquetas: Agregar Etiqueta
Sin Etiquetas, Sea el primero en etiquetar este registro!

MARC

LEADER 00000ntm a22000003a 4500
001 stu143813
005 20160719155745.5
008 070803s2007----xo------------------slo-d
040 |a STU  |b slo 
041 0 |a slo 
044 |a xo 
100 1 |a Šugár, Miroslav  |4 aut 
245 1 |a Odolné povrchy vytvárané depozíciou z pár (PVD) :  |b Diplomová práca 
260 |a Trnava :  |b STU v Bratislave MtF KMI,  |c 2007 
300 |a 61 s  |c 1 CD-ROM 
500 |a Program: inžinierstvo povrchov 
650 7 |a oteruvzdorné materiály  |2 stusub 
650 7 |a naparovanie  |2 stusub 
650 7 |a naprašovanie  |2 stusub 
700 1 |a Ožvold, Milan  |4 xxx  |u M1000  |U MTF Materiálovotechnologická fakulta  |T MTF Ústav materiálov  |U M1000  |Y 81 
996 |b 284M076799  |c M*DP-6698  |l MMSKP  |s P  |a 0  |w stu143813_0001